Rola útvaru pre riadenie ľudských zdrojov v podniku diplomová práca

Gespeichert in:
Bibliographische Detailangaben
1. Verfasser: Šarišská, Dominika
Körperschaft: Fakulta podnikového manažmentu EU. Katedra manažmentu
Weitere Verfasser: Blštáková, Jana, 1980-
Format: Buch
Sprache:Slowakisch
Veröffentlicht: Bratislava 2020
Tags: Tag hinzufügen
Keine Tags, Fügen Sie das erste Tag hinzu!

MARC

LEADER 00000nbm a2200000 4500
001 0266120
005 20201130134644.8
041 0 |a slo 
044 |a SK 
245 1 0 |a Rola útvaru pre riadenie ľudských zdrojov v podniku  |b diplomová práca  |c Dominika Šarišská ; školiteľ: Jana Blštáková 
264 1 |a Bratislava  |c 2020 
300 |a 60 s. 
100 1 |a Šarišská, Dominika 
700 1 |a Blštáková, Jana, 1980- 
710 2 |a Fakulta podnikového manažmentu EU. Katedra manažmentu